00875nam a2200253Ia 4500001000700000008004100007010001100048082001600059100011400075245003300189260008200222300001400304440000500318500004600323503000500369650002900374650005700403650010400460901001600564902000600580910000900586942000700595999001900602Z_4389220113s1977 xx 000 0 und d a167459 a636.082 C87 aCurso de Actualización sobre Temas Selectos de Endocrinología Veterinaria (1977 : México, D.F.)9141675 aMemorias /cpor John E. Cox aMéxico, D. F. :bUNAM. Facultad de Medicina Veterinaria y Zootecnia,c1977 ap.p. 1-26 a aEncuadernado con otros impresos similares a aEndocrinología 936871 aReproducción animalxEstudio y enseñanza 996030 aVeterinariaxCongresoso I. Cox, John II. UNAM. Facultad de Medicina Veterinaria y Zootecnia9141676 a636.082 C87 aA a1977 cc1 c167459d167459